00573nam a2200157 a 450000500170000000800410001702000060005805000180006410000190008224500460010126000370014744000160018499900190020095200980021995200980031720140414131904.0100902s19uu xx 00 eng d a  aFICbP44 1999 aPeterson, John aThe Littles and their amazing new friend. aNew York :bScholastic ,c1999. aThe Littles c110840d110840 001040aMUbMUcFICd2010-09-02l0oFIC P44 1999pM1346r2014-04-14 00:00:00w2014-04-14yBK 001040aMUbMUcFICd2010-09-23l0oFIC P44 1999pM1348r2014-04-14 00:00:00w2014-04-14yBK